| 000 | 00449pab a2200157 454500 | ||
|---|---|---|---|
| 008 | 180718b2002 xxu||||| |||| 00| 0 eng d | ||
| 100 | _aRodriguez-Clare, Andres | ||
| 245 | _aCosta Rica's technology strategy: roots and outcomes | ||
| 260 | _c2002 | ||
| 300 | _ap.78-89. | ||
| 650 | _aTechnology - Costa Rica | ||
| 650 | _aScience and technology - Costa Rica | ||
| 650 | _aScience and technology | ||
| 773 | _aCooperation South | ||
| 909 | _a60726 | ||
| 999 |
_c60726 _d60726 |
||